| 000 | 00494nam a2200193 i 4500 | ||
|---|---|---|---|
| 001 | 59138 | ||
| 003 | ES-MaACL | ||
| 005 | 20230906163955.0 | ||
| 007 | t| | ||
| 008 | 031027s1966 sp ||||1| rum d | ||
| 100 | 1 |
_aEliade, Mircea. _946955 |
|
| 245 | 1 | 0 |
_aAmitri (I) (Mansarda) / _cMircea Eliade. |
| 260 |
_aMadrid : _bDestin, _c[1966] |
||
| 300 |
_a173 p. ; _c22 cm. |
||
| 490 | 1 | _aDestin | |
| 830 | 0 |
_aDestin _9182668 |
|
| 852 |
_aES-MaACL _jC-30280 _bR.59958 |
||
| 999 |
_c59138 _d59138 |
||